| 000 | 00490nam a2200169 i 4500 | ||
|---|---|---|---|
| 001 | 55752 | ||
| 003 | ES-MaACL | ||
| 007 | t| | ||
| 008 | 030925s1972 ag ||||1| spa d | ||
| 100 | 1 |
_aDevore, Nicholas. _944024 |
|
| 245 | 1 | 0 |
_aEnciclopedia astrológica / _cNicholas Devore ; versión de Héctor V. Morel. |
| 250 | _a[1ª ed.]. | ||
| 260 |
_aBuenos Aires : _bKiev, _c[1972] |
||
| 300 |
_a413 p. ; _c23 cm. |
||
| 700 | 1 |
_aMorel, Héctor V. _983242 |
|
| 852 |
_aES-MaACL _jE-8566 _bR.93004 |
||
| 999 |
_c55752 _d55752 |
||